|
|
|
|
| LEADER |
00000cam a2200000 c 4500 |
| 001 |
132061783 |
| 003 |
DE-627 |
| 005 |
20251222201443.0 |
| 007 |
tu |
| 008 |
940118s1993 gw ||||| 00| ||ger c |
| 020 |
|
|
|a 3922209599
|9 3-922209-59-9
|
| 035 |
|
|
|a (DE-627)132061783
|
| 035 |
|
|
|a (DE-576)038530643
|
| 035 |
|
|
|a (DE-599)GBV132061783
|
| 035 |
|
|
|a (OCoLC)75657283
|
| 035 |
|
|
|a (OCoLC)75657283
|
| 035 |
|
|
|a (DE-604)8105994847
|
| 040 |
|
|
|a DE-627
|b ger
|c DE-627
|e rakwb
|
| 041 |
|
|
|a ger
|
| 044 |
|
|
|c XA-DE
|
| 082 |
0 |
|
|a 303.3
|
| 084 |
|
|
|a 1
|2 ssgn
|
| 084 |
|
|
|a CI 5704
|2 rvk
|0 (DE-625)rvk/18489:11603
|
| 084 |
|
|
|a MC 6500
|2 rvk
|0 (DE-625)rvk/122408:
|
| 084 |
|
|
|a MD 3000
|2 rvk
|0 (DE-625)rvk/122502:
|
| 084 |
|
|
|a 08.25
|2 bkl
|
| 100 |
1 |
|
|0 (DE-588)11853453X
|0 (DE-627)224481479
|0 (DE-576)208922016
|4 aut
|a Foucault, Michel
|d 1926-1984
|
| 109 |
|
|
|a Fūkū, Mīšil 1926-1984
|a Fuko, Mišelʹ 1926-1984
|a Phoukō, Misel 1926-1984
|a Fuko, Mishel 1926-1984
|a Pʿukʿo 1926-1984
|a Foucault, M. 1926-1984
|a Foucault, Paul Michel 1926-1984
|a Foucault, Michael 1926-1984
|a Foucault, M. M. 1926-1984
|a Fūkūh, Mīshīl 1926-1984
|a Fūkū, Mīšāl 1926-1984
|a Fuko, Mišel 1926-1984
|a Pʿukʿo, Misyel 1926-1984
|a Foucault, Michel 1926-1984
|a Fukalt 1926-1984
|
| 245 |
1 |
4 |
|a Der Staub und die Wolke
|c Michel Foucault
|
| 250 |
|
|
|a 2. Aufl.
|
| 264 |
|
1 |
|a Grafenau
|b Trotzdem Verl.
|c 1993
|
| 300 |
|
|
|a 73 S.
|
| 336 |
|
|
|a Text
|b txt
|2 rdacontent
|
| 337 |
|
|
|a ohne Hilfsmittel zu benutzen
|b n
|2 rdamedia
|
| 338 |
|
|
|a Band
|b nc
|2 rdacarrier
|
| 583 |
1 |
|
|a Archivierung/Langzeitarchivierung gewährleistet
|f PEBW
|x XA-DE-BW
|2 pdager
|5 DE-24
|
| 583 |
1 |
|
|a Archivierung prüfen
|c 20240324
|f DE-4165
|z 2
|2 pdager
|
| 653 |
|
0 |
|a Individualism
|
| 653 |
|
0 |
|a Political science - Philosophy
|
| 689 |
0 |
0 |
|d s
|0 (DE-588)4036824-5
|0 (DE-627)104637269
|0 (DE-576)209020679
|2 gnd
|a Macht
|
| 689 |
0 |
|
|5 (DE-627)
|
| 935 |
|
|
|a mteo
|
| 935 |
|
|
|i Blocktest
|
| 936 |
r |
v |
|a CI 5704
|b Einzelschriften
|k Philosophie
|k Geschichte der Philosophie
|k Geschichte der Philosophie des Abendlandes von Antike bis 20. Jahrhundert
|k Philosophie des 20. Jahrhunderts
|k Frankreich und französischsprachige Länder sowie Rumänien
|k Autoren
|k Foucault, Michel
|k Einzelschriften
|0 (DE-627)1271480166
|0 (DE-625)rvk/18489:11603
|0 (DE-576)201480166
|
| 936 |
r |
v |
|a MC 6500
|b Frankreich, Allgemeines
|k Politologie
|k Geschichte der politischen Philosophie und der Ideologien
|k 19. und 20. Jahrhundert
|k Sonstige politische Philosophen
|k Frankreich
|k Frankreich, Allgemeines
|0 (DE-627)1271424940
|0 (DE-625)rvk/122408:
|0 (DE-576)201424940
|
| 936 |
r |
v |
|a MD 3000
|b Machttheorien
|k Politologie
|k Politische Theorie, Grundbegriffe des Politischen
|k Integrationstheorien
|k Machttheorien
|0 (DE-627)1271425602
|0 (DE-625)rvk/122502:
|0 (DE-576)201425602
|
| 936 |
b |
k |
|a 08.25
|j Zeitgenössische westliche Philosophie
|0 (DE-627)106403672
|
| 951 |
|
|
|a BO
|
| ELC |
|
|
|b 1
|
| ITA |
|
|
|a 1
|
| LOK |
|
|
|0 000 xxxxxcx a22 zn 4500
|
| LOK |
|
|
|0 001 3235491635
|
| LOK |
|
|
|0 003 DE-627
|
| LOK |
|
|
|0 004 132061783
|
| LOK |
|
|
|0 005 20100408160556
|
| LOK |
|
|
|0 008 971015||||||||||||||||ger|||||||
|
| LOK |
|
|
|0 040
|a DE-21-35
|c DE-627
|d DE-21-35
|
| LOK |
|
|
|0 541
|e 97/1987
|
| LOK |
|
|
|0 852
|a DE-21-35
|
| LOK |
|
|
|0 852 1
|c Ep 655.23/2
|m p
|9 00
|
| LOK |
|
|
|0 938
|k p
|
| LOK |
|
|
|0 938
|l K5
|8 0
|
| LOK |
|
|
|0 939
|a 15-10-97
|b l01
|
| ORI |
|
|
|a SA-MARC-ixtheoa001.raw
|
| REL |
|
|
|a 1
|
| STA |
0 |
0 |
|a Power,Power,Political power,Social power,Social influence
|
| STB |
0 |
0 |
|a Pouvoir,Pouvoir,Puissance,Puissance,Puissance (motif),Puissance
|
| STC |
0 |
0 |
|a Poder,Poder
|
| STD |
0 |
0 |
|a Potere,Potere
|
| STE |
0 |
0 |
|a 权力,权力,权,权
|
| STF |
0 |
0 |
|a 權力,權力,權,權
|
| STG |
0 |
0 |
|a Poder,Poder
|
| STH |
0 |
0 |
|a Власть (мотив),Власть
|
| STI |
0 |
0 |
|a Εξουσία <μοτίβο>,Εξουσία,Δύναμη,Δύναμη (μοτίβο)
|
| SUB |
|
|
|a REL
|
| SYG |
0 |
0 |
|a Politische Macht,Soziale Macht,Sozialer Einfluss
|